000 00878nam a22002057a 4500
999 _c21029
_d21029
003 AR-CdUCM
008 190724b ||||| |||| 00| 0 spa d
040 _aMUNICIPALIDAD PROVINCIAL DEL CUSCO
_cBIBLIOTECA MUNICIPAL DEL CUSCO
082 _a321.485 /
_bD75
100 _aDiez Canseco, Javier
_942538
245 _aDemocracia militarización y derechos humanos en el Perú 1980-84 /
260 _aLima :
_bAprodeh,
_c1983.
300 _a110 páginas ;
_bilustraciones ;
_c20.5 cm.
505 _aContenido : Situación económica -- Situación política -- Derechos Humanos en Perú -- Perú 1984: tres casos de derechos humanos -- Importantes revelaciones sobre el caso Uchuraccay -- Ayacucho y Sendero Luminoso -- ¿Nos acercamos a una guerra civil?
650 _aViolencia
_911768
650 _aHistoria
_9136
650 _aPerú
_935
942 _2ddc
_cLIBROS
945 _azta